| 000 | 00961cab a22002175a 4500 | ||
|---|---|---|---|
| 001 | L154361 | ||
| 008 | 111118e20111118xxk 000 0 eng d | ||
| 035 | _a(Sirsi) u154361 | ||
| 041 | 0 | _aeng | |
| 100 | 1 | _aSeales, Rebecca | |
| 245 | 0 | 0 |
_aOctober contracts drop by 5% _bbusiness barometer |
| 260 | _c2011 | ||
| 490 |
_aBuilding _v276 (8704) 18 November 2011, 18-19(2) |
||
| 520 | _aOverview; tables of top contractors including and excluding civils for October 2011; yearly work won including and excluding civils September 2010-October 2011; top architects and top quantity surveyors September 2010 to October 2011 using information from Barbour ABI. Looks at construction output, the accelerating decline in contract awards, and office construction affected by eurozone crisis. | ||
| 590 | _aKA | ||
| 651 | 4 |
_aUnited Kingdom _y |
|
| 690 | _aBUILT ENVIRONMENT-CONSTRUCTION MARKET | ||
| 700 | 1 | _aGreen, Brian | |
| 700 | 1 | _aForrest, Kelly | |
| 942 | _n0 | ||
| 999 |
_c83592 _d83592 |
||